000 00617 a2200169 4500
999 _c5452
_d5452
010 _aENG-86859
020 _c45.00
_a8179940470
035 _aEN-70392
037 _bDBAD / PUB
082 1 4 _a220.21
100 1 _aKashyap, R.L.
245 1 _aEssential of sama veda and its music :
_cby R.L.Kashyap
_btext, transliteration, translation & commentary /
260 _aBangalore
_bSri Aurobindo Kapali Sastry Inst. of Vedic Culture
_c2006
270 _a63, 13th Main, 4th Block East, Jayanagar
_bBangalore
_e560 011
_minfo@vedah.com
300 _avii, 60p
_c22cm (Pbk)
942 _adpl
_cEN
_2ddc
_h220.21
_mKAS